书目信息 |
| 题名: |
管理运筹学教程
|
|
| 作者: | 蒋绍忠 编著 | |
| 分册: | ||
| 出版信息: | 杭州 浙江大学出版社 2005 |
|
| 页数: | 412页 | |
| 开本: | 26cm | |
| 丛书名: | ||
| 单 册: | ||
| 中图分类: | C931.1 | |
| 科图分类: | ||
| 主题词: | 管理学 , 运筹学 , 管理学--运筹学--高等学校--教材 | |
| 电子资源: | ||
| ISBN: | 7-308-04439-4 | |
| 000 | 00916nam0 2200277 450 | |
| 001 | 003003092 | |
| 005 | 20061118173852.39 | |
| 010 | @a7-308-04439-4@dCNY40.00 | |
| 100 | @a20050919d2005 em y0chiy0110 ea | |
| 101 | 0 | @achi |
| 102 | @aCN@b330000 | |
| 105 | @ay z 000yy | |
| 200 | 1 | @a管理运筹学教程@9guan li yun chou xue jiao cheng@f蒋绍忠编著 |
| 210 | @a杭州@c浙江大学出版社@d2005 | |
| 215 | @a412页@d26cm | |
| 300 | @a新世纪高等院校精品教材 | |
| 312 | @a封面英文题名:Operations research for management | |
| 330 | @a本书分为8章,介绍了线性规划、对偶与灵敏度分析、整数规划、运输问题、多目标规划、网络优化、动态规划、排队论等。 | |
| 510 | 1 | @aOperations research for management@zeng |
| 606 | 0 | @a管理学 |
| 606 | 0 | @a运筹学 |
| 606 | 0 | @a管理学@x运筹学@x高等学校@j教材 |
| 690 | @aC931.1@v4 | |
| 701 | 0 | @a蒋绍忠@9jiang shao zhong@4编著 |
| 801 | 0 | @aCN@bNLC@c20061118 |
| 905 | @a10447@dC931.1@e229 | |
| 管理运筹学教程/蒋绍忠编著.-杭州:浙江大学出版社,2005 |
| 412页;26cm |
| 新世纪高等院校精品教材 |
| ISBN 7-308-04439-4:CNY40.00 |
| 本书分为8章,介绍了线性规划、对偶与灵敏度分析、整数规划、运输问题、多目标规划、网络优化、动态规划、排队论等。 |
| ● |
| 相关链接 |
|
|
|
|
正题名:管理运筹学教程
索取号:C931.1/229
 
预约/预借
| 序号 | 登录号 | 条形码 | 馆藏地/架位号 | 状态 | 备注 |
| 1 | 0392111 | 203921113 | 第一样本阅览室/ [索取号:C931.1/229] | 在馆 | |
| 2 | 0392112 | 203921122 | 第一借阅区/ [索取号:C931.1/229] | 在馆 | |
| 3 | 0392113 | 203921131 | 第一借阅区/ [索取号:C931.1/229] | 在馆 | |
| 4 | 0392114 | 203921140 | 第一借阅区/ [索取号:C931.1/229] | 在馆 | |
| 5 | 0392115 | 203921159 | 第一借阅区/ [索取号:C931.1/229] | 在馆 |